000 00340nam a22001457a 4500
008 210322b ||||| |||| 00| 0 eng d
020 _a9781853831959
041 _aeng
080 _a330.101.541
082 _a330.101.541
100 _a52
101 _aMAKRO
245 _aThe Economic Value of Biodiversity
_cPearce,D
942 _2udc
_cBK
999 _c56626
_d56626